000 00316nab a22001097u 4500
008 130520b1987 xxu||||| |||| 00| 0 spa d
041 _aspa
100 1 _aHoutepen, A.
_967415
245 0 0 _aJerarquía de verdades y ortodoxia
_cA. Houtepen
773 0 _tConcilium
_gV.2,1987,págs.53-67
_x0210-1041
_wRev134
942 _cAR
999 _c355322
_d355322